000 00712nam a22002537a 4500
003 OSt
005 20160421092946.0
008 160421b xxu||||| |||| 00| 0 eng d
020 _a9781602186637
020 _a1602186634
040 _aSEKU
050 _aPE 1112.5
_bG7 2009
100 _aGreen, Jane Fell
245 _aLanguage! : the comprehensive literacy curriculum
250 _a4th ed
260 _aBoston :
_bSopris West,
_c©2009.
300 _a194 p. :
_b illustrations ;
_c 24 cm
500 _aIncludes index and glossary
504 _aIncludes bibl. refs
650 _aReaders (Elementary)
650 _aReading (Elementary)
650 _aLanguage arts (Elementary)
942 _2lcc
_cGEN
999 _c12894
_d12894